000 00649nam a2200241Ia 4500
003 OSt
005 20220918222247.0
006 a|||||r|||| 00| 0
007 ta
008 220917b |||||||| |||| 00| 0 eng d
024 _a216,283
037 _cTextual
040 _aARTS
_cARTS
_beng
041 _2eng
_aeng
082 _aP15:3, N9
100 _aJoshi Mahadev N.
_9142674
245 0 _aPrabha Sanskrit grammer and alamkara
260 _aDharwad(Karnataka)
_bPrabhavati publications
_c1999
300 _a129p
_ccm.
650 _aLINGUISTICS
942 _hP15:3, N9
_cTEXL
_2CC
999 _c275027
_d275027